000 01141nam a22002297a 4500
999 _c57288
_d57288
003 Ge_BSU
005 20200207134015.0
008 200207s2012ge xxu||||| |||| 00| 0 geo d
020 _a9789941200656
041 _ageo
080 _a656.2:658(075.8) ქ-41
100 _aქენქაძე, პეტრე.
_96871
245 _aსარკინიგზო და სხვა სახის ტრანსპორტის ურთიერთქმედება :
_b[სახელმძღვ.] /
_cპ. ქენქაძე ; ჯ. მორჩილაძე ; [რედ. ნ. დოლიძე].
264 _aთბილისი :
_bტექნ. უნ-ტი,
_c2012.
300 _a183 გვ. :
_b ნახ. ;
_c20 სმ.
504 _aბიბლიოგრ.: გვ. 177.
653 _aსარკინიგზო ტრანსპორტის ექსპლუატაცია
653 _aტრანსპორტი
700 _aმორჩილაძე, ჯ
_96872
700 _aდონდოლაძე, ნინო
_eრედაქტორი
_91930
942 _2udc
_cBK